[Event "European Youth Chess Championship G16"]
[Site "Prague, Top Hotel Prague"]
[Date "2012.08.21"]
[Round "5.10"]
[White "Rykala, Monika"]
[Black "Bivol, Alina"]
[Result "0-1"]
[WhiteElo "1844"]
[BlackElo "2142"]
[PlyCount "0"]
[EventDate "2012.08.17"]

1. d4 {[%clk 1:30:57]} Nf6 {[%clk 1:30:52]} 2. c4 {[%clk 1:28:18]} c5
{[%clk 1:30:10]} 3. d5 {[%clk 1:27:49]} e6 {[%clk 1:29:58]} 4. Nc3
{[%clk 1:27:10]} exd5 {[%clk 1:30:18]} 5. Nxd5 {[%clk 1:27:08]} Nxd5
{[%clk 1:27:25]} 6. Qxd5 {[%clk 1:24:51]} Be7 {[%clk 1:26:54]} 7. Nf3
{[%clk 1:22:18]} Nc6 {[%clk 1:26:53]} 8. Bd2 {[%clk 1:16:44]} d6 {[%clk 1:26:23]}
9. e3 {[%clk 1:10:29]} Bf6 {[%clk 1:22:27]} 10. Qe4+ {[%clk 1:07:15]} Be6
{[%clk 1:22:27]} 11. Qc2 {[%clk 1:07:08]} Rc8 {[%clk 1:16:40]} 12. Be2
{[%clk 1:05:11]} O-O {[%clk 1:16:51]} 13. O-O {[%clk 1:04:49]} Qe7
{[%clk 1:09:10]} 14. Rfd1 {[%clk 1:01:14]} Rfd8 {[%clk 1:05:58]} 15. Rac1
{[%clk 0:58:23]} b6 {[%clk 0:59:54]} 16. Bd3 {[%clk 0:47:24]} h6 {[%clk 0:54:53]}
17. e4 {[%clk 0:42:19]} Bg4 {[%clk 0:52:20]} 18. Re1 {[%clk 0:29:32]} Re8
{[%clk 0:47:55]} 19. Rb1 {[%clk 0:25:27]} Bxf3 {[%clk 0:44:44]} 20. gxf3
{[%clk 0:25:51]} Bd4 {[%clk 0:44:08]} 21. Be3 {[%clk 0:19:01]} Ne5
{[%clk 0:41:39]} 22. Qe2 {[%clk 0:17:14]} Qh4 {[%clk 0:41:24]} 23. Kh1
{[%clk 0:09:41]} Qh3 {[%clk 0:36:40]} 24. Rg1 {[%clk 0:09:32]} Nxf3
{[%clk 0:36:51]} 25. Rg2 {[%clk 0:09:51]} Be5 {[%clk 0:35:54]} 26. Rbg1
{[%clk 0:07:07]} Re6 {[%clk 0:26:20]} 27. Qf1 {[%clk 0:05:10]} Rg6
{[%clk 0:26:15]} 28. Be2 {[%clk 0:04:52]} Nxh2 {[%clk 0:24:57]} 0-1

[Event "European Youth Chess Championship G16"]
[Site "Prague, Top Hotel Prague"]
[Date "2012.08.21"]
[Round "5.11"]
[White "Shamatava, Ana"]
[Black "Zavgorodniaya, Alena"]
[Result "0-1"]
[WhiteElo "2086"]
[BlackElo "1910"]
[PlyCount "86"]
[EventDate "2012.08.17"]

1. e4 e5 2. Nf3 Nc6 3. Bb5 a6 4. Ba4 Nf6 5. O-O Be7 6. Re1 b5 7. Bb3 d6 8. c3
O-O 9. h3 Na5 10. Bc2 c5 11. d4 Qc7 12. d5 Nc4 13. b3 Nb6 14. a4 Bd7 15. Be3
Rfe8 16. a5 Nc8 17. Nbd2 g6 18. Nf1 Nh5 19. g4 Nf4 20. Kh2 h5 21. Bxf4 hxg4 22.
Bh6 gxf3 23. Qxf3 Kh7 24. Bd2 Kg7 25. Qg2 Rh8 26. Re3 Bh4 27. Rf3 Ne7 28. Ne3
Rag8 29. Ng4 Kf8 30. Nh6 Rg7 31. Bg5 Rgh7 32. Bxe7+ Kxe7 33. Ng4 Qc8 34. Kg1
Bxg4 35. hxg4 Bg5 36. Bd1 Bf4 37. Rxf4 exf4 38. Kf1 Rh1+ 39. Ke2 R8h3 40. Kd2
Qh8 41. Rc1 b4 42. g5 bxc3+ 43. Kc2 Qd4 0-1

[Event "European Youth Chess Championship G16"]
[Site "Prague, Top Hotel Prague"]
[Date "2012.08.21"]
[Round "5.13"]
[White "Blagojevic, Tijana"]
[Black "Dziodzio, Angelika"]
[Result "1-0"]
[WhiteElo "2004"]
[BlackElo "1886"]
[PlyCount "97"]
[EventDate "2012.08.17"]

1. e4 e5 2. Nf3 Nf6 3. Nc3 Bb4 4. Nxe5 O-O 5. Nd3 Bxc3 6. dxc3 Nxe4 7. Be2 d5
8. O-O c6 9. Nf4 Bf5 10. Be3 Nd7 11. Bd3 Ne5 12. f3 Nd6 13. Bxf5 Nxf5 14. Bf2
Qc7 15. Nd3 Nc4 16. Re1 Rfe8 17. b3 Ncd6 18. Qd2 Rxe1+ 19. Rxe1 Re8 20. Qf4
Rxe1+ 21. Bxe1 Qe7 22. Bf2 b6 23. g4 g5 24. Qa4 Ng7 25. Qxc6 h5 26. h3 Qe6 27.
Nb4 hxg4 28. hxg4 Nde8 29. Qxd5 Qe2 30. Qd3 Qe5 31. Nd5 Ne6 32. a4 Nf6 33.
Nxf6+ Qxf6 34. Bd4 Qf4 35. Bf2 Qc1+ 36. Kh2 Kg7 37. Bg3 Nf4 38. Bxf4 gxf4 39.
Qe2 f6 40. Kg2 a6 41. c4 Qb2 42. Qd2 a5 43. Kf2 Kh7 44. Qd3+ Kh6 45. Ke2 Qc1
46. Qd2 Qg1 47. Qxf4+ Kg7 48. Qe3 Qg2+ 49. Qf2 1-0

[Event "European Youth Chess Championship G16"]
[Site "Prague, Top Hotel Prague"]
[Date "2012.08.21"]
[Round "5.14"]
[White "Vanagaite, Giedre"]
[Black "Gogishvili, Dea"]
[Result "1-0"]
[WhiteElo "1996"]
[BlackElo "1875"]
[PlyCount "147"]
[EventDate "2012.08.17"]

1. e4 d5 2. exd5 Qxd5 3. Nc3 Qa5 4. d4 c6 5. Nf3 Nf6 6. Bc4 Bf5 7. Bd2 e6 8.
Nd5 Qd8 9. Nxf6+ gxf6 10. Bb3 Nd7 11. Qe2 Qc7 12. O-O-O O-O-O 13. Nh4 Bg6 14.
f4 f5 15. h3 Bg7 16. c3 Nf6 17. Rhg1 Ne4 18. Be3 Bf6 19. Nf3 Kb8 20. Bc2 Qa5
21. Kb1 Rhg8 22. Bxe4 fxe4 23. Nd2 Be7 24. g4 f5 25. Qc4 Rd5 26. Nb3 Qd8 27.
Kc1 Qc8 28. Qe2 Rgd8 29. g5 Rg8 30. h4 Qe8 31. Rde1 Bh5 32. Qc2 Qc8 33. Qf2 b6
34. Kb1 Rgd8 35. Rc1 Qa6 36. Ka1 R5d7 37. Qc2 Rc8 38. Qf2 Rdc7 39. Rc2 Rd7 40.
Rd2 Rd5 41. Rc1 Qc4 42. Kb1 a5 43. Rdc2 Qa6 44. c4 Rd7 45. d5 c5 46. dxe6 Rd3
47. Nd2 Qb7 48. Nf1 Qc6 49. Bd2 Qxe6 50. Ne3 Rcd8 51. Nd5 Bf7 52. Bc3 R8xd5 53.
cxd5 Qxd5 54. b3 e3 55. Qg2 Qd7 56. Re1 Bd5 57. Qg3 Be4 58. Be5+ Ka7 59. Kb2
Rd2 60. Rxd2 Qxd2+ 61. Ka1 e2 62. Qc3 Qd1+ 63. Qc1 Bf3 64. Kb2 c4 65. Bc3 cxb3
66. axb3 Bc5 67. Qd2 Bf2 68. Rxd1 exd1=Q 69. Qxf2 Be4 70. Qd2 Qb1+ 71. Ka3 Bc6
72. Qd6 Qc1+ 73. Bb2 Ka6 74. Bxc1 1-0

[Event "European Youth Chess Championship G16"]
[Site "Prague, Top Hotel Prague"]
[Date "2012.08.21"]
[Round "5.15"]
[White "Luzikova, Nicola"]
[Black "Bellaiche, Elise"]
[Result "0-1"]
[WhiteElo "1769"]
[BlackElo "1992"]
[PlyCount "58"]
[EventDate "2012.08.17"]

1. d4 e6 2. Nf3 b6 3. e4 Bb7 4. Bd3 d5 5. e5 c5 6. c3 Nc6 7. O-O a6 8. Be3 Rc8
9. Qe2 cxd4 10. Bxd4 Ra8 11. Nbd2 Nge7 12. Nb3 Ng6 13. Qe3 Nxd4 14. cxd4 Be7
15. a4 O-O 16. a5 Bb4 17. axb6 Qxb6 18. Nc5 Bxc5 19. dxc5 Qc7 20. b4 d4 21.
Nxd4 Nxe5 22. Bc2 a5 23. Qg3 axb4 24. Rxa8 Rxa8 25. Re1 Qxc5 26. Bxh7+ Kxh7 27.
Nb3 Qd5 28. h4 Ng6 29. Qc7 Qxg2# 0-1

[Event "European Youth Chess Championship G16"]
[Site "Prague, Top Hotel Prague"]
[Date "2012.08.21"]
[Round "5.16"]
[White "Hoare, Amy B"]
[Black "Richterova, Natasa"]
[Result "1/2-1/2"]
[WhiteElo "1958"]
[BlackElo "1864"]
[PlyCount "106"]
[EventDate "2012.08.17"]

1. e4 c6 2. c4 d5 3. cxd5 cxd5 4. exd5 Nf6 5. Nc3 Nxd5 6. Nf3 Nxc3 7. bxc3 Qc7
8. Bb5+ Bd7 9. Qe2 Bxb5 10. Qxb5+ Qd7 11. Qxd7+ Nxd7 12. d4 Rc8 13. Bd2 e6 14.
Rb1 b6 15. Ke2 Nf6 16. Rhc1 Ba3 17. Rc2 Ne4 18. Rb3 Be7 19. Bf4 Nd6 20. Nd2 O-O
21. Bxd6 Bxd6 22. Ne4 Be7 23. c4 Rfd8 24. Ke3 f5 25. Nd2 g5 26. g3 Bf6 27. Rd3
Rc7 28. f4 gxf4+ 29. gxf4 Kf7 30. Nf3 Rdc8 31. Rdc3 Be7 32. Ne5+ Kf6 33. Rg2
Bd6 34. Kd2 Bb4 35. Kd3 Bxc3 36. Kxc3 Rg7 37. Rd2 Rcg8 38. a3 Rg2 39. Rd3 Rxh2
40. d5 exd5 41. cxd5 Rf2 42. d6 Rc8+ 43. Kb3 Rd8 44. Nc6 Rd7 45. Nb8 Rb7 46.
Nc6 Rxf4 47. d7 Rxd7 48. Rxd7 Rf3+ 49. Ka4 a6 50. Rxh7 b5+ 51. Kb4 Rf4+ 52. Kb3
Rf3+ 53. Kb4 Rf4+ 1/2-1/2

[Event "European Youth Chess Championship G16"]
[Site "Prague, Top Hotel Prague"]
[Date "2012.08.21"]
[Round "5.17"]
[White "Sen, Beril Berfin"]
[Black "Pastuszko, Kinga"]
[Result "1/2-1/2"]
[WhiteElo "1586"]
[BlackElo "1946"]
[PlyCount "80"]
[EventDate "2012.08.17"]

1. d4 f5 2. c4 Nf6 3. Nc3 d6 4. Nf3 g6 5. g3 Bg7 6. Bg2 O-O 7. O-O e6 8. Qc2
Nc6 9. e3 e5 10. dxe5 dxe5 11. Rd1 Qe7 12. b3 e4 13. Nd4 Ne5 14. Ndb5 Re8 15.
Ba3 Qf7 16. Nd5 Nxd5 17. cxd5 Bd7 18. Nxc7 Rac8 19. d6 Bc6 20. Nxe8 Rxe8 21.
Rab1 Qd7 22. Qc5 Nf3+ 23. Kh1 a6 24. Bf1 Kh8 25. Rbc1 Re5 26. Qb6 f4 27. Qc7
Rh5 28. Qb8+ Qe8 29. Qxe8+ Bxe8 30. h3 Bd7 31. exf4 Bxh3 32. Bxh3 Rxh3+ 33. Kg2
Rh2+ 34. Kf1 Bd4 35. Rc8+ Kg7 36. Rxd4 Rh1+ 37. Kg2 Rg1+ 38. Kh3 Rh1+ 39. Kg2
Rg1+ 40. Kh3 Rh1+ 1/2-1/2

[Event "European Youth Chess Championship G16"]
[Site "Prague, Top Hotel Prague"]
[Date "2012.08.21"]
[Round "5.18"]
[White "Garcia-Castany Musellas, Gal La"]
[Black "Schmalhorst, Sophia"]
[Result "1-0"]
[WhiteElo "2019"]
[BlackElo "1905"]
[PlyCount "76"]
[EventDate "2012.08.17"]

1. e4 e5 2. Nf3 Nc6 3. Bb5 a6 4. Ba4 Nf6 5. d3 b5 6. Bb3 Be7 7. O-O d6 8. a4
Bb7 9. Nc3 b4 10. Ne2 O-O 11. a5 Bc8 12. Nd2 Bg4 13. f3 Be6 14. Nc4 d5 15. exd5
Bxd5 16. Ng3 Bc5+ 17. Kh1 h6 18. Nf5 Be6 19. Ng3 Re8 20. Qe1 Nd4 21. Ba4 Bd7
22. c3 bxc3 23. bxc3 Nc6 24. Ne4 Ba7 25. Be3 Nxe4 26. fxe4 Bxe3 27. Nxe3 Ne7
28. Bb3 Rf8 29. Qg3 Nc6 30. Qg6 Qe7 31. Nf5 Bxf5 32. exf5 Qf6 33. Qxf6 gxf6 34.
Bd5 Ne7 35. Bxa8 Rxa8 36. Kg1 Rd8 37. Rf3 Nc6 38. Ra4 Rd5 1-0

[Event "European Youth Chess Championship G16"]
[Site "Prague, Top Hotel Prague"]
[Date "2012.08.21"]
[Round "5.19"]
[White "Rojikova, Lenka"]
[Black "Dragieva, Denitza"]
[Result "0-1"]
[WhiteElo "1866"]
[BlackElo "2005"]
[PlyCount "116"]
[EventDate "2012.08.17"]

1. e4 e5 2. Nf3 Nc6 3. Bc4 Bc5 4. c3 Nf6 5. d3 d6 6. Bb3 a6 7. Nbd2 Ba7 8. h3
h6 9. Nf1 Be6 10. Qe2 Qd7 11. Ng3 O-O 12. Be3 Bxb3 13. axb3 Bxe3 14. fxe3 d5
15. O-O dxe4 16. dxe4 Qe6 17. Nh4 Ne7 18. Rf2 Ne8 19. b4 Nd6 20. Nhf5 Nexf5 21.
exf5 Qc4 22. e4 f6 23. Qxc4+ Nxc4 24. b3 Nd6 25. Rd2 Rfd8 26. Rad1 Kf8 27. Kf2
Ke7 28. c4 Nf7 29. Nh5 Rxd2+ 30. Rxd2 Rg8 31. Ng3 Nd8 32. b5 axb5 33. cxb5 Nf7
34. Ne2 Nd6 35. Nc3 Ra8 36. Ke3 Ra3 37. Rb2 Nc4+ 38. bxc4 Rxc3+ 39. Kf2 Rxc4
40. Ke3 Rc3+ 41. Kf2 Kd6 42. Rd2+ Kc5 43. Rd7 Kxb5 44. Rxg7 Ka4 45. g4 b5 46.
h4 b4 47. g5 hxg5 48. hxg5 b3 49. g6 b2 50. Rg8 Rc5 51. Ra8+ Ra5 52. Rb8 Rb5
53. Rxb5 Kxb5 54. g7 b1=Q 55. g8=Q Qc2+ 56. Kf3 Qd3+ 57. Kf2 Qd2+ 58. Kf3 Qf4+
0-1

[Event "European Youth Chess Championship G16"]
[Site "Prague, Top Hotel Prague"]
[Date "2012.08.21"]
[Round "5.21"]
[White "Ivanova, Simoneta"]
[Black "Beshukova, Ekaterina"]
[Result "1-0"]
[WhiteElo "1952"]
[BlackElo "1879"]
[PlyCount "45"]
[EventDate "2012.08.17"]

1. Nf3 Nf6 2. c4 c6 3. e3 d5 4. Nc3 g6 5. d4 Bg7 6. Be2 O-O 7. O-O Bg4 8. cxd5
cxd5 9. Qb3 b6 10. h3 Bc8 11. Bd2 Ba6 12. Nb5 Bxb5 13. Bxb5 a6 14. Be2 Ne4 15.
Rfc1 e6 16. Bb4 Re8 17. a4 Nd7 18. Rc2 Bf8 19. Bxf8 Rxf8 20. Rac1 Nd6 21. Qb4
Qe7 22. Rc7 Rfe8 23. Ne5 1-0

[Event "European Youth Chess Championship G16"]
[Site "Prague, Top Hotel Prague"]
[Date "2012.08.21"]
[Round "5.22"]
[White "Sanders, Catheleijne"]
[Black "Kiseleva, Arina"]
[Result "0-1"]
[WhiteElo "1800"]
[BlackElo "1937"]
[PlyCount "80"]
[EventDate "2012.08.17"]

1. e4 c5 2. Nf3 d6 3. d4 cxd4 4. Nxd4 Nf6 5. Nc3 Nc6 6. Bg5 e6 7. Qd2 a6 8. Nb3
Be7 9. f3 b5 10. a3 Qb6 11. O-O-O Bd7 12. Bf4 Ne5 13. Be2 Rc8 14. Be3 Qc7 15.
g4 Nc4 16. Bxc4 bxc4 17. Nd4 Qb7 18. Nce2 d5 19. e5 c3 20. Nxc3 Ng8 21. Nb3 a5
22. Qd4 a4 23. Nxa4 Qxb3 24. Nc3 Qc4 25. Rd3 Bc5 26. Qf4 Qxf4 27. Bxf4 Ne7 28.
b4 Bb6 29. Rhd1 h5 30. h3 Ng6 31. Bg3 hxg4 32. hxg4 Rh3 33. f4 Ke7 34. a4 d4
35. Ne4 Bxa4 36. f5 Bxc2 37. Nd6 Rc6 38. b5 Rc7 39. Ra3 Bxd1+ 40. Kxd1 Rxg3 0-1

[Event "European Youth Chess Championship G16"]
[Site "Prague, Top Hotel Prague"]
[Date "2012.08.21"]
[Round "5.23"]
[White "Turk, Tajana"]
[Black "Chetina, Elizaveta"]
[Result "0-1"]
[WhiteElo "1907"]
[BlackElo "1793"]
[PlyCount "82"]
[EventDate "2012.08.17"]

1. d4 Nf6 2. c4 e6 3. Nf3 b6 4. Bg5 h6 5. Bxf6 Qxf6 6. Nc3 Bb4 7. a3 Bxc3+ 8.
bxc3 Bb7 9. Qc2 O-O 10. Rd1 d6 11. e4 Qg6 12. Nd2 Nd7 13. g3 f5 14. Bg2 f4 15.
O-O fxg3 16. hxg3 Nf6 17. Qd3 Qh5 18. Bf3 Ng4 19. Bxg4 Qxg4 20. Kg2 Rf7 21. d5
Raf8 22. Rde1 exd5 23. cxd5 Bc8 24. Re2 Qh3+ 25. Kg1 h5 26. Qe3 h4 27. Qg5 Ba6
28. c4 hxg3 29. Qxg3 Qxg3+ 30. fxg3 Rxf1+ 31. Nxf1 Bxc4 32. Rf2 Rxf2 33. Kxf2
Bxf1 34. Kxf1 Kf7 35. Ke2 Kf6 36. Kf3 Ke5 37. Ke3 a6 38. Kd3 b5 39. Ke3 a5 40.
Kd3 b4 41. axb4 axb4 0-1

[Event "European Youth Chess Championship G16"]
[Site "Prague, Top Hotel Prague"]
[Date "2012.08.21"]
[Round "5.24"]
[White "Gueci, Laura"]
[Black "Kostitsina, Liubov"]
[Result "0-1"]
[WhiteElo "1819"]
[BlackElo "2057"]
[PlyCount "48"]
[EventDate "2012.08.17"]

1. c4 e5 2. g3 Nc6 3. Nc3 g6 4. Bg2 Bg7 5. e4 d6 6. Nge2 Nge7 7. d3 O-O 8. O-O
Be6 9. Nd5 f5 10. Be3 Qd7 11. Qd2 Rf7 12. Rac1 Nd8 13. d4 fxe4 14. Nxe7+ Qxe7
15. Bxe4 exd4 16. Bg5 Qe8 17. Bxd8 Rxd8 18. Nxd4 Bxc4 19. Rfe1 Re7 20. Bxb7
Rxe1+ 21. Rxe1 Qd7 22. Bc6 Qg4 23. Re4 Qh3 24. b3 Qf1# 0-1

[Event "European Youth Chess Championship G16"]
[Site "Prague, Top Hotel Prague"]
[Date "2012.08.21"]
[Round "5.25"]
[White "Cosman, Andreea-Marioara"]
[Black "Johnova, Eliska"]
[Result "1-0"]
[WhiteElo "1921"]
[BlackElo "1798"]
[PlyCount "65"]
[EventDate "2012.08.17"]

1. d4 d5 2. c4 e6 3. Nc3 c5 4. cxd5 exd5 5. Nf3 Nc6 6. g3 Nf6 7. Bg2 Be6 8. O-O
Be7 9. dxc5 Bxc5 10. b3 O-O 11. Bb2 a6 12. Rc1 Ba7 13. Na4 Qe7 14. Nd4 Rac8 15.
Nxc6 bxc6 16. Qd3 Qb7 17. Bxf6 gxf6 18. Nc5 Qb5 19. Nxa6 Qa5 20. a4 Rfd8 21.
Rfd1 Rd6 22. b4 Qxa4 23. Ra1 Qb5 24. Qf3 Kg7 25. Bf1 Qb6 26. Nc5 Qxb4 27. Nxe6+
Rxe6 28. Rxa7 Qb6 29. Rda1 Re4 30. Bh3 Rce8 31. Qh5 R8e7 32. Rxe7 Rxe7 33. Bf5
1-0

[Event "European Youth Chess Championship G16"]
[Site "Prague, Top Hotel Prague"]
[Date "2012.08.21"]
[Round "5.26"]
[White "Sroubova, Lenka"]
[Black "Colantuono, Virginia"]
[Result "1/2-1/2"]
[WhiteElo "1772"]
[BlackElo "1892"]
[PlyCount "76"]
[EventDate "2012.08.17"]

1. d3 d5 2. g3 Nf6 3. Bg2 g6 4. Nf3 Bg7 5. O-O O-O 6. Nbd2 c5 7. e4 d4 8. Nc4
Nc6 9. a4 h6 10. Qe2 Be6 11. Nfe5 Nxe5 12. Nxe5 Nd7 13. Nxd7 Qxd7 14. f4 Bh3
15. b3 Bxg2 16. Qxg2 b6 17. Bd2 a6 18. f5 b5 19. Qh3 g5 20. Qg4 Kh7 21. Qh5 f6
22. h4 Qe8 23. Qg4 h5 24. Qe2 g4 25. Rfb1 Qc6 26. Qf1 Bh6 27. Bxh6 Kxh6 28. Ra2
b4 29. Qf4+ Kg7 30. Raa1 Qd6 31. Rf1 Qe5 32. Rae1 a5 33. Kg2 Rab8 34. Re2 Rf7
35. Ree1 Rff8 36. Re2 Rf7 37. Ree1 Rff8 38. Re2 Rf7 1/2-1/2

[Event "European Youth Chess Championship G16"]
[Site "Prague, Top Hotel Prague"]
[Date "2012.08.21"]
[Round "5.28"]
[White "Nicolajsen, Thea"]
[Black "Federovski, Adi"]
[Result "0-1"]
[WhiteElo "1691"]
[BlackElo "1851"]
[PlyCount "79"]
[EventDate "2012.08.17"]

1. d4 Nf6 2. c4 c5 3. d5 b5 4. cxb5 a6 5. Nc3 g6 6. e4 d6 7. Nf3 Nbd7 8. Bf4
Nh5 9. Bg5 Bg7 10. Qc2 h6 11. Bd2 O-O 12. g4 Nhf6 13. g5 hxg5 14. Nxg5 axb5 15.
Bxb5 Qb6 16. Bc6 Rb8 17. Na4 Qa7 18. Bc3 c4 19. h4 Bh6 20. O-O-O Ne5 21. Bxe5
dxe5 22. d6 Bg4 23. dxe7 Qxe7 24. Rdg1 Rbc8 25. Bd5 Nxd5 26. f4 Nb4 27. Qh2 Bh5
28. a3 Nd3+ 29. Kb1 Nxf4 30. Nb6 Rc7 31. Nd5 Nxd5 32. exd5 Rd7 33. Qc2 Rxd5 34.
Qxc4 Rc5 35. Qa2 Bxg5 36. hxg5 e4 37. Rxh5 gxh5 38. g6 Rg5 39. gxf7+ Rxf7 40.
Re1 0-1

[Event "European Youth Chess Championship G16"]
[Site "Prague, Top Hotel Prague"]
[Date "2012.08.21"]
[Round "5.29"]
[White "Amiridou, Dimitra"]
[Black "Bartsits, Sabina"]
[Result "1/2-1/2"]
[WhiteElo "1752"]
[BlackElo "1841"]
[PlyCount "80"]
[EventDate "2012.08.17"]

1. e4 c5 2. Nf3 d6 3. d4 cxd4 4. Nxd4 Nf6 5. Nc3 a6 6. Bg5 Nbd7 7. f4 Qb6 8.
Nb3 Qe3+ 9. Qe2 Qxe2+ 10. Bxe2 e5 11. f5 b6 12. g4 Bb7 13. Bf3 Be7 14. Be3 Nc5
15. Nd2 h6 16. O-O-O g5 17. Bxc5 bxc5 18. Nc4 O-O-O 19. Nb6+ Kc7 20. Nbd5+ Nxd5
21. exd5 Bc8 22. Ne4 f6 23. Rd3 h5 24. h3 hxg4 25. Bxg4 Bd7 26. c4 Rb8 27. Rhd1
Rb6 28. b3 a5 29. Kc2 a4 30. Rb1 axb3+ 31. axb3 Ra8 32. Nc3 Rab8 33. Rb2 Ra8
34. Rd1 Rb7 35. Rdb1 Rb4 36. Rh1 Rh8 37. Ra1 Rhb8 38. Ra7+ R8b7 39. Rba2 Rxa7
40. Rxa7+ 40... Rb7 $11 1/2-1/2

[Event "European Youth Chess Championship G16"]
[Site "Prague, Top Hotel Prague"]
[Date "2012.08.21"]
[Round "5.30"]
[White "Djogteva, Jekaterina"]
[Black "Shepherd, Katherine M"]
[Result "1/2-1/2"]
[WhiteElo "1828"]
[BlackElo "1766"]
[PlyCount "84"]
[EventDate "2012.08.17"]

1. e4 e6 2. d3 c5 3. Nd2 Nc6 4. g3 Nge7 5. Bg2 e5 6. Nc4 d6 7. f4 g6 8. Ne2 b5
9. Ne3 Bg7 10. O-O O-O 11. f5 f6 12. g4 g5 13. h4 h6 14. c3 Na5 15. Kf2 Kf7 16.
b4 cxb4 17. cxb4 Nac6 18. Qb3+ Ke8 19. hxg5 hxg5 20. Rh1 Rh8 21. Bb2 Kf8 22.
Rxh8+ Bxh8 23. Rh1 Bg7 24. Rh7 Bd7 25. Ng3 Be8 26. Nh5 Bf7 27. Qc3 Bxh5 28.
Rxh5 Qb6 29. Qb3 Nd4 30. Bxd4 Qxd4 31. Ke2 Rc8 32. Kd2 Qa1 33. Rh1 Qd4 34. Rf1
Qb6 35. Nd5 Nxd5 36. Qxd5 Qc6 37. Qxc6 Rxc6 38. Rc1 Rxc1 39. Kxc1 Ke7 40. Kc2
Kd7 41. Kc3 Kc6 42. d4 Kb6 1/2-1/2

[Event "European Youth Chess Championship G16"]
[Site "Prague, Top Hotel Prague"]
[Date "2012.08.21"]
[Round "5.31"]
[White "Foster, Chantelle L"]
[Black "Kejzar, Petra"]
[Result "1-0"]
[WhiteElo "1824"]
[BlackElo "1704"]
[PlyCount "73"]
[EventDate "2012.08.17"]

1. e4 c5 2. Nf3 e6 3. d4 cxd4 4. Nxd4 Nf6 5. Nc3 d6 6. Be3 Be7 7. f3 a6 8. Qd2
Qc7 9. O-O-O Nc6 10. Kb1 b5 11. g4 b4 12. Nce2 Rb8 13. h4 Ne5 14. Nc1 Bb7 15.
h5 Nc4 16. Bxc4 Qxc4 17. g5 Ng8 18. g6 f6 19. h6 hxg6 20. h7 Nh6 21. Bxh6 gxh6
22. Qxh6 g5 23. Ncb3 Qc8 24. e5 fxe5 25. Nxe6 Bxf3 26. Ng7+ Kd8 27. Rxd6+ Bxd6
28. Qxd6+ Qd7 29. Qxb8+ Qc8 30. Ne6+ Ke7 31. Qxc8 Rxc8 32. h8=Q Rxh8 33. Rxh8
Kxe6 34. Kc1 g4 35. Kd2 g3 36. Ke3 g2 37. Rg8 1-0

[Event "European Youth Chess Championship G16"]
[Site "Prague, Top Hotel Prague"]
[Date "2012.08.21"]
[Round "5.33"]
[White "Leonardi, Caterina"]
[Black "Grochocinska, Urszula"]
[Result "1-0"]
[WhiteElo "1884"]
[BlackElo "1828"]
[PlyCount "61"]
[EventDate "2012.08.17"]

1. d4 g6 2. c4 f5 3. g3 Nf6 4. Bg2 Bg7 5. Nf3 d6 6. O-O O-O 7. Nc3 Qe8 8. d5 e5
9. dxe6 Qxe6 10. Nd5 Nxd5 11. cxd5 Qf7 12. Ng5 Qf6 13. Ne6 Bxe6 14. dxe6 Nc6
15. Rb1 Rab8 16. b4 Kh8 17. Bd5 Qe7 18. Bb2 Bxb2 19. Rxb2 Qf6 20. Rc2 Rfc8 21.
Bxc6 bxc6 22. Rxc6 Rxb4 23. Qc2 Re4 24. Rxc7 Rxc7 25. Qxc7 Qxe6 26. e3 Qxa2 27.
Rc1 Re8 28. Qxd6 Qb2 29. Rc7 Rb8 30. Qd7 Qb1+ 31. Kg2 1-0

[Event "European Youth Chess Championship G16"]
[Site "Prague, Top Hotel Prague"]
[Date "2012.08.21"]
[Round "5.34"]
[White "Jacimovic, Sara"]
[Black "Zemkova, Klara"]
[Result "1/2-1/2"]
[WhiteElo "1933"]
[BlackElo "1646"]
[PlyCount "96"]
[EventDate "2012.08.17"]

1. d4 e6 2. e3 d5 3. Bd3 c5 4. c3 Nc6 5. f4 Bd7 6. Nf3 Nf6 7. Nbd2 cxd4 8. exd4
Bd6 9. Ne5 Qb6 10. Qe2 Rd8 11. Ndf3 Bc8 12. O-O O-O 13. Kh1 Qc7 14. Bd2 a6 15.
Rae1 b5 16. b4 Nb8 17. a3 Nbd7 18. Ng5 h6 19. Ngxf7 Nxe5 20. Nxe5 Bd7 21. Bb1
Be8 22. Qe3 Bh5 23. Qh3 Bxe5 24. dxe5 Bg4 25. Qh4 Ne4 26. Qxg4 Nxd2 27. Qxe6+
Kh8 28. Qg6 Nxb1 29. Rxb1 Qxc3 30. Rf3 Qc7 31. Qxa6 Qc4 32. Rbf1 Ra8 33. Qd6
Rfd8 34. Qc5 Rac8 35. Qe3 d4 36. Qd3 Qd5 37. h3 Rc3 38. Qd2 Qc4 39. f5 d3 40.
f6 Rc2 41. fxg7+ Kh7 42. g8=Q+ Rxg8 43. Rf7+ Rg7 44. Rxg7+ Kxg7 45. Qe3 d2 46.
Qa7+ Qc7 47. Qd4 Rc1 48. e6+ Kg8 1/2-1/2

[Event "European Youth Chess Championship G16"]
[Site "Prague, Top Hotel Prague"]
[Date "2012.08.21"]
[Round "5.35"]
[White "Tarnowska, Aleksandra"]
[Black "Machlik, Monika"]
[Result "1-0"]
[WhiteElo "1839"]
[BlackElo "1718"]
[PlyCount "53"]
[EventDate "2012.08.17"]

1. e4 e5 2. Nf3 Nc6 3. Bb5 Nge7 4. O-O g6 5. c3 Bg7 6. h3 O-O 7. d4 exd4 8.
cxd4 d5 9. e5 Bd7 10. Nc3 f6 11. Re1 fxe5 12. dxe5 Nb8 13. Nxd5 Bxb5 14. Nxe7+
Qxe7 15. Qd5+ Kh8 16. Qxb5 c6 17. Qb3 h6 18. Bd2 Na6 19. Qc2 Kh7 20. Bc3 Rad8
21. Re4 Bh8 22. Nh4 Qe6 23. Rg4 Rg8 24. f4 Rdf8 25. Rf1 Nc7 26. Nxg6 Rxg6 27.
f5 1-0

[Event "European Youth Chess Championship G16"]
[Site "Prague, Top Hotel Prague"]
[Date "2012.08.21"]
[Round "5.36"]
[White "Lampard, Alice"]
[Black "Hiebler, Laura"]
[Result "0-1"]
[WhiteElo "1593"]
[BlackElo "1795"]
[PlyCount "88"]
[EventDate "2012.08.17"]

1. e4 e5 2. Bc4 Nf6 3. d3 Nc6 4. Nf3 Bc5 5. c3 O-O 6. Bb3 d5 7. Nbd2 Bg4 8. O-O
h6 9. h3 Bh5 10. Re1 Re8 11. Nf1 dxe4 12. dxe4 Qxd1 13. Bxd1 Rad8 14. Ng3 Bg6
15. Ba4 Rd6 16. b4 Bb6 17. Ba3 Rd3 18. Rac1 Nh5 19. Nxh5 Bxh5 20. Bb5 Rd6 21.
Nh4 Rd2 22. Rf1 Rxa2 23. Bxc6 bxc6 24. Ra1 Rd2 25. g4 Bg6 26. Nxg6 fxg6 27. c4
Bd4 28. Bc1 Re2 29. Ra6 Rf8 30. Be3 Rf6 31. Ra3 Rf3 32. Ra6 Bxe3 33. fxe3 Rg3+
34. Kh1 Rxh3+ 35. Kg1 Rhh2 36. Rd1 Reg2+ 37. Kf1 Rb2 38. Kg1 Rhc2 39. Rxc6 h5
40. Rxg6 h4 41. Rg5 h3 42. Rh5 Rg2+ 43. Kf1 h2 44. Rd8+ Kf7 0-1

[Event "European Youth Chess Championship G16"]
[Site "Prague, Top Hotel Prague"]
[Date "2012.08.21"]
[Round "5.38"]
[White "Kopnicka, Henrieta"]
[Black "Hatasova, Michaela"]
[Result "1-0"]
[WhiteElo "1711"]
[BlackElo "1641"]
[PlyCount "167"]
[EventDate "2012.08.17"]

1. e4 c5 2. Nf3 d6 3. Bc4 Nc6 4. Qe2 a6 5. c3 Nf6 6. h3 e6 7. O-O Be7 8. Rd1 b5
9. Bb3 c4 10. Bc2 O-O 11. d4 cxd3 12. Bxd3 Qc7 13. Nbd2 Rd8 14. Nf1 h6 15. g4
e5 16. Ng3 d5 17. exd5 Nxd5 18. Be4 Be6 19. Nf5 Bc5 20. N3h4 Nf6 21. Bc2 Rxd1+
22. Qxd1 Rd8 23. Qf3 e4 24. Qg3 Qxg3+ 25. Nxg3 Bd5 26. Be3 Bxe3 27. fxe3 Ne5
28. Kf2 Nc4 29. Nhf5 Kf8 30. b3 Nd6 31. Nxd6 Rxd6 32. Rd1 Rd7 33. Bxe4 Be6 34.
Rxd7 Nxe4+ 35. Nxe4 Bxd7 36. Nc5 Bc8 37. Kg3 Ke7 38. b4 Kd6 39. e4 Ke5 40. Kf3
g6 41. h4 f5 42. gxf5 gxf5 43. Nd3+ Ke6 44. Nc5+ Ke5 45. Ke3 fxe4 46. Nxe4 Kd5
47. Nd2 Ke5 48. c4 bxc4 49. Nxc4+ Ke6 50. Kd4 Bd7 51. Ne5 Bb5 52. Ng4 h5 53.
Ne3 Bc6 54. a3 Bb5 55. Ke4 Bc6+ 56. Kf4 Kf6 57. Nf5 Bd7 58. Ng3 Kg6 59. Ke5 Bb5
60. Ne4 Ba4 61. Nc5 Bb5 62. Ne6 Bc4 63. Nf4+ Kh6 64. Kf6 Bb5 65. Ne6 Bd3 66.
Nd4 Bc4 67. a4 Bf1 68. b5 axb5 69. axb5 Bg2 70. b6 Bb7 71. Nf5+ Kh7 72. Nd6 Bf3
73. b7 Bxb7 74. Nxb7 Kh6 75. Nd6 Kh7 76. Kg5 Kg7 77. Kxh5 Kh7 78. Nf5 Kg8 79.
Kg6 Kh8 80. h5 Kg8 81. Nh6+ Kh8 82. Nf7+ Kg8 83. h6 Kf8 84. h7 1-0